000 00750nam a22002297a 4500
005 20170124105958.0
010 _aB-059014
020 _c00.00
_a8171415806
035 _aB-059014
037 _bCen Lib/Ret
040 _aDPL
_bEN
082 _a362.5
_bNAR
100 _aNarasaiah, M. Lakshmi
_96961
245 _aWomen, children and poverty /
_cby M. Lakshmi Narasaiah
260 _aNew Delhi
_bDiscovery Publishing House
_c2001
270 _bNew Delhi
_a4831/24, Ansari Road, Dariya Ganj
_e110002
300 _a170p.
_c21cm(Hb)
500 _aIncludes bibliographical references and index
650 _aRural women
_xEconomic conditions
_915055
650 _aPoor children
_zIndia
_915056
942 _2ddc
_cEN
_h362.5
_mNAR
999 _c125650
_d125650